| 000 | 00835nam a22002417a 4500 | ||
|---|---|---|---|
| 999 |
_c11707 _d11707 |
||
| 003 | AR-CdUCM | ||
| 008 | 190404b ||||| |||| 00| 0 spa d | ||
| 040 |
_aMUNICIPALIDAD PROVINCIAL DEL CUSCO _cBIBLIOTECA MUNICIPAL DEL CUSCO |
||
| 082 |
_aC / 869.56 / _bAL39 |
||
| 100 |
_aAlencastre Gutiérrez, Andrés _916462 |
||
| 245 |
_aQori Hamanq´ay / _cKilko Waraka (seudónimo) |
||
| 260 |
_aCusco : _bInstituto Nacional de Cultura Región Cusco, _c1980. |
||
| 300 |
_a43 páginas ; _c27 cm. |
||
| 500 | _aTexto en Quechua y Español. | ||
| 505 | _aContenido: Poemas. | ||
| 650 |
_aLiteratura Peruana _9132 |
||
| 650 |
_aPoemas Cusqueños _917375 |
||
| 650 |
_aSiglo XX _98 |
||
| 650 |
_aPoemas en Quechua _95954 |
||
| 710 |
_aInstituto Nacional de Cultura Región Cusco. _929198 |
||
| 942 |
_2ddc _cLIBROS |
||
| 945 |
_aachl _d2019-04-04 |
||